| 000 | 00440nam a2200169Ia 4500 | ||
|---|---|---|---|
| 008 | 230524s9999 xx 000 0 und d | ||
| 082 |
_a621.38 _bFOR |
||
| 100 | _aAngela Forster | ||
| 245 | 0 | _aClayton's Electro Therapy (Theory & Practice) | |
| 250 | _a1ST | ||
| 260 |
_aNEW DELHI _bAITBS Publishers _c2001 |
||
| 300 | _aXII;1034 | ||
| 500 | _aQuantity Number: 5 | ||
| 650 | _aBiomedical | ||
| 700 | _a Nigel Palastanga | ||
| 942 | _cBK | ||
| 999 |
_c37050 _d37050 |
||